000 01120cam a22003737a 4500
001 002343
003 armpunfd
005 20151125172021.0
008 100616e0####xx#a##########000#0#und#d
040 _aarmpunfd
_carmpunfd
080 _a342.4 (82) B 437 T
100 1 0 _a Bidart Campos German J
245 1 0 _aTratado elemental de derecho constituconal argentino
260 _a Buenos Aires : Ediar
_b1993. 1994. Isbn: 950-574-034-4.764 P.
650 7 _a Derecho Constitucional
_2LEMB
942 _cLB
_2cdu
945 _aCatalis
_d2010-08-19
945 _aCatalis
_d2010-08-19
945 _aCatalis
_d2010-08-19
945 _aCatalis
_d2010-08-19
945 _aCatalis
_d2010-08-19
945 _aCatalis
_d2010-08-19
945 _aCatalis
_d2010-08-19
945 _aCatalis
_d2010-08-19
945 _aCatalis
_d2010-08-19
945 _aCatalis
_d2010-08-19
945 _aCatalis
_d2010-08-19
945 _aCatalis
_d2010-08-19
945 _aCatalis
_d2010-08-19
945 _aCatalis
_d2010-08-19
945 _aCatalis
_d2010-08-19
945 _aCatalis
_d2010-08-19
945 _aCatalis
_d2010-08-19
999 _c2333
_d232837